000 01257nam a2200265Ia 4500
999 _c56514
_d56514
001 23628
003 GE_BSU
005 20260311112624.0
008 181216s1989||||ge |||||||||||||| ||geo||
040 _cGE_BSU
041 _ageo
080 _a94(479.22)"1570-1629 ღ-58
100 _aღვინჯილია, ჯანსუღ
_916384
245 _aგიორგი სააკაძის პიროვნება :
_bისტორიული ნარკვევი /
_cჯანსუღ ღვინჯილია ; რედ.: ნ. შატაიძე ; მხატვ. : ა. თოდრია.
264 _aთბილისი :
_bმერანი,
_c1989.
300 _a365 გვ. ;
_c21 სმ.
541 _h20 ლ.
653 _aგიორგი სააკაძის პიროვნება
653 _aისტორიული ნარკვევი
653 _aსაქართველოს ისტორია, XVI-XVII ს.ს.
653 _a სააკაძე გიორგი (1570-1629)
700 _aშატაიძე, ნუგზარ
_eრედაქტორი
_917844
700 _aთოდრია, ა.
_eმხატვარი
_95555
942 _cBK
_2udc